Test de rapidité : 67 - Statistiques

Statistiques générales
  • Ce quiz a été pris 911 fois
  • Le résultat moyen est 73 sur 200
Statistiques - réponses
SIX SEVENNNNN % Correct
6
100%
7
92%
6
91%
6
91%
7
91%
7
90%
6
89%
6
89%
7
89%
7
88%
6
87%
6
87%
7
87%
6
86%
7
86%
6
85%
7
85%
6
83%
7
83%
6
82%
7
82%
6
81%
7
81%
6
80%
7
80%
6
79%
7
79%
7
79%
6
77%
6
77%
7
77%
7
77%
6
76%
7
75%
6
74%
7
74%
6
73%
6
71%
7
71%
6
70%
7
70%
7
70%
6
69%
6
69%
7
69%
7
69%
6
67%
7
66%
6
65%
7
65%
6
64%
7
63%
6
62%
6
61%
7
61%
7
60%
6
59%
6
59%
7
59%
7
58%
6
56%
7
56%
6
55%
7
54%
6
53%
7
51%
6
50%
6
50%
7
50%
7
49%
6
48%
6
48%
7
48%
7
48%
6
47%
7
47%
6
46%
7
45%
6
44%
7
44%
6
43%
6
43%
7
43%
7
43%
6
42%
6
41%
7
41%
7
41%
6
40%
7
39%
6
38%
6
38%
7
38%
7
38%
6
37%
7
35%
6
33%
7
32%
6
31%
6
31%
7
31%
7
30%
6
29%
6
28%
6
28%
7
28%
7
28%
7
26%
6
25%
6
25%
7
25%
6
23%
7
23%
6
22%
7
22%
7
22%
6
21%
7
21%
6
20%
6
19%
7
19%
6
18%
7
18%
7
18%
6
16%
6
16%
7
16%
7
16%
6
15%
7
15%
6
14%
7
13%
6
11%
6
10%
6
10%
7
10%
7
10%
6
9%
6
9%
6
9%
6
9%
6
9%
6
9%
6
9%
7
9%
7
9%
7
9%
7
9%
7
9%
7
9%
7
9%
7
9%
6
8%
6
7%
6
7%
7
7%
7
7%
6
6%
7
6%
7
6%
6
5%
6
5%
7
5%
7
5%
6
4%
6
4%
7
4%
6
3%
7
3%
7
3%
6
2%
6
2%
6
2%
6
2%
6
2%
7
2%
7
2%
7
2%
7
2%
6
1%
6
1%
6
1%
6
1%
6
1%
6
1%
6
1%
6
1%
7
1%
7
1%
7
1%
7
1%
7
1%
7
1%
7
1%
7
1%
6
0%
6
0%
7
0%
7
0%
7
0%
Aucun quiz correspondant
Distribution des résultats
% des personnes avec chaque résultat
Percentile par nombre de réponses
Votre historique - résultats
Vous n’avez pas pris ce quiz